Wszystkie piosenki - Kubi Producent - Statystyki

Ogólne statystyki
  • Ten quiz został rozwiązany 31 razy
  • Średni wynik to 31 z 84
Statystyki odpowiedzi
Hint Odpowiedź % Poprawnych
Kwiat polskiej młodzieży (z Bedoes) 05:05
83%
Chaos (z Fukaj) chaos (intro)
83%
Aby śmierć miała znaczenie (z Bedoes) Aby śmierć miała znaczenie
75%
Kwiat polskiej młodzieży (z Bedoes) Chłopaki nie płaczą (feat. Taco Hemingway)
75%
Dzieci Duchy (z Szpaku) Dzieci Duchy
75%
Kwiat polskiej młodzieży (z Bedoes) Kwiat polskiej młodzieży
75%
Aby śmierć miała znaczenie (z Bedoes) Biały i młody
67%
Kwiat polskiej młodzieży (z Bedoes) Delfin (feat. Young Multi, Koldi & Beteo)
67%
Chaos (z Fukaj) DOM DIABŁA
67%
Kwiat polskiej młodzieży (z Bedoes) Introdukcja
67%
+18 Introdukcja
67%
+18 9 Żyć (feat. Otsochodzi, schafter & PlanBe)
58%
+18 Superman (feat. Żabson & Young Multi)
58%
Chaos (Deluxe) (z Fukaj) To dla ciebie
58%
Kwiat polskiej młodzieży (z Bedoes) Toy Story (feat. Rafonix)
58%
Kwiat polskiej młodzieży (z Bedoes) 1000 koni
50%
+18 Bad Boy (feat. Beteo, Reto & Siles)
50%
Chaos (Deluxe) (z Fukaj) Balon
50%
Kwiat polskiej młodzieży (z Bedoes) Janosik (feat. Golec uOrkiestra)
50%
Dzieci Duchy (z Szpaku) Kochaj Mnie
50%
Aby śmierć miała znaczenie (z Bedoes) NFZ
50%
Chaos (z Fukaj) ogród
50%
Kwiat polskiej młodzieży (z Bedoes) Tarzan
50%
Chaos (z Fukaj) Bar mleczny
42%
+18 Chemia Miłości (feat. White 2115 & Adi Nowak)
42%
Dzieci Duchy (z Szpaku) Ćmy
42%
Dzieci Duchy (z Szpaku) FREESTYLE
42%
Kwiat polskiej młodzieży (z Bedoes) Gady (feat. Białas & Eldo)
42%
Aby śmierć miała znaczenie (z Bedoes) Gang, gang, gang
42%
Kwiat polskiej młodzieży (z Bedoes) Givenchy (feat. Solar)
42%
Aby śmierć miała znaczenie (z Bedoes) Hymn (feat. Solar & Białas)
42%
Aby śmierć miała znaczenie (z Bedoes) Kolega brata rapera
42%
+18 Lifestyle (feat. Malik Montana, Borixon & Białas)
42%
Chaos (z Fukaj) Marvin Gaye
42%
Dzieci Duchy (z Szpaku) Noc Polarna
42%
Aby śmierć miała znaczenie (z Bedoes) Papito (feat. Kuqe 2115)
42%
Chaos (z Fukaj) Północ
42%
Kwiat polskiej młodzieży (z Bedoes) Rivendell
42%
Aby śmierć miała znaczenie (z Bedoes) Typie (feat. Reto)
42%
Kwiat polskiej młodzieży (z Bedoes) Wow
42%
Aby śmierć miała znaczenie (z Bedoes) Anioły
33%
+18 Królowe (feat. Zeamsone)
33%
+18 Marlboro (feat. White 2115)
33%
Kwiat polskiej młodzieży (z Bedoes) Mercedes GLE Coupé (feat. BLACHA, Kuqe 2115 & flexxy2115)
33%
Aby śmierć miała znaczenie (z Bedoes) Napad
33%
Chaos (z Fukaj) oto jest dzień
33%
Dzieci Duchy (z Szpaku) OVERHYPE9000 (feat. Tymek)
33%
Kwiat polskiej młodzieży (z Bedoes) Śnieg
33%
Chaos (z Fukaj) Światła miasta
33%
Kwiat polskiej młodzieży (z Bedoes) Bardzo przepraszam
25%
Aby śmierć miała znaczenie (z Bedoes) C'est la vie
25%
Chaos (Deluxe) (z Fukaj) Gumieńce freestyle
25%
Dzieci Duchy (z Szpaku) Hello Kitty (feat. Coals)
25%
Aby śmierć miała znaczenie (z Bedoes) Jon Snow (feat. White 2115)
25%
Dzieci Duchy (z Szpaku) Koniec
25%
Chaos (Deluxe) (z Fukaj) Krople
25%
Dzieci Duchy (z Szpaku) Na Osiedlu (feat. Bedoes)
25%
Chaos (z Fukaj) nominacja
25%
Dzieci Duchy (z Szpaku) Pająki
25%
Chaos (Deluxe) (z Fukaj) POROBIONY WŁADEM (feat. Sapi Tha King)
25%
+18 Pozdro (feat. Sapi Tha King & Żabson)
25%
Aby śmierć miała znaczenie (z Bedoes) Raz (feat. Beteo)
25%
Chaos (z Fukaj) Wstań i zaśnij
25%
Chaos (z Fukaj) zatapiamy się (feat. Vito Bambino)
25%
Chaos (z Fukaj) ZIEMIA OBIECANA
25%
Chaos (Deluxe) (z Fukaj) Bo mogę
17%
+18 Golem (feat. Gedz, Jan-Rapowanie & Solar)
17%
Dzieci Duchy (z Szpaku) KABZZLOOK (feat. Białas & Kaz Bałagane)
17%
+18 Kiedy Byłem Mały (feat. Kuqe 2115, BLACHA & Beteo)
17%
Aby śmierć miała znaczenie (z Bedoes) Łk 1, 46-55
17%
+18 Mały Świat (feat. Major SPZ, Szpaku & Kizo)
17%
Dzieci Duchy (z Szpaku) Mateusz Dragon Wielki (feat. Rolex)
17%
Chaos (Deluxe) (z Fukaj) North west connection (feat. Szczyl)
17%
Dzieci Duchy (z Szpaku) Pali Się
17%
Dzieci Duchy (z Szpaku) Stare Graffiti (feat. Paluch & Sarius)
17%
Chaos (z Fukaj) Tańczę nim zasnę
17%
Chaos (z Fukaj) BÓL
8%
+18 Good Bye (feat. Coals)
8%
+18 Hajs (feat. Sapi Tha King, Kuqe 2115 & flexxy2115)
8%
+18 Miasto (feat. VIC & Kosa)
8%
+18 Nie Zatrzymuj Mnie (feat. KaeN, Ptakova & Bezczel)
8%
+18 Pracownik Roku (feat. Kaz Bałagane)
8%
+18 Salut (feat. Alcomindz & Szopeen)
8%
Dzieci Duchy (z Szpaku) Umrzyj Ze Mną
8%
Nie znaleziono quizów pasujących do podanych kryteriów
Rozkład punktacji
Procent ludzi z każdym wynikiem
Percentyl według liczby udzielonych odpowiedzi
Twoja historia wyników
Nie rozwiązałeś tego quizu